000 01009nam a2200241 a 4500
001 49324
003 BD-RjUL
005 20211209054650.0
008 160820s1957 ii 000 0 ben
020 _c: IRs. 2.00
035 _a(BD-RjUL) 49443
040 _aBD-RjUL
_cBD-RjUL
_dBD-RjUL
_bben
041 _aben
082 0 0 _223
_a491.4409
_bDUB 1957
100 1 _aদত্ত, মহেন্দ্র নাথ
_9219434
245 1 0 _aবাংলা ভাষার প্রধাবন /
_cমহেন্দ্র নাথ দত্ত
260 _aকলিকাতা :
_bমহেন্দ্র পাবলিশিং কমিটি,,
_c১৯৫৭ (১৩৬৪)
300 _a[৮], ১১০, [১০] পৃ. ;
_c২২ সেমি.
500 _a"নির্ঘন্ট সংযুক্ত"
650 _aবাংলা ভাষা
_xইতিহাস ও সমালোচনা
_9219435
650 _aBengali literature
_xHistory and Criticism
_9219436
942 _2ddc
_cRAR
_01
999 _c49324
_d49324